| 000 | 00946cam a22002411 4500 | ||
|---|---|---|---|
| 005 | 20260322212024.0 | ||
| 008 | data | ||
| 010 | _a 55010574 | ||
| 040 |
_aDLC _cDLC _dDLC |
||
| 050 | 0 | 0 |
_aPR5493 _b.P4 |
| 082 | 0 | 0 |
_a92 _aB _a92 |
| 100 | 1 | _aPeare, Catherine Owens. | |
| 245 | 1 | 0 |
_aRobert Louis Stevenson : _bhis life / _cCatherine Owens Peare & Margaret Ayer. |
| 250 | _a[1st ed.] | ||
| 260 |
_aNew York, _bHolt _c[1955] |
||
| 300 |
_a128 p. _billus. _c21 cm. |
||
| 520 | _aA biography of Robert Louis Stevenson who was well-launched on his writing career at age twenty-three, but it was not until the publication of Treasure Island that he became a popular, sought-after writer. | ||
| 600 | 1 | 0 |
_aStevenson, Robert Louis, _d1850-1894 _xJuvenile literature. |
| 600 | 1 | 1 |
_aStevenson, Robert Louis, _d1850-1894. |
| 650 | 0 |
_aAuthors, Scottish _y19th century _xJuvenile literature. _xJuvenile literature. |
|
| 700 | 1 |
_aAyer, Margaret, _eillus. |
|
| 001 | data | ||
| 999 |
_c532 _d532 |
||